|
|
|
|
| LEADER |
00000nam a22000007a 4500 |
| 005 |
2022040804514.0 |
| 007 |
cr|||| |||| |
| 008 |
220408s2019 br |||||s|||| 00||0 por d |
| 020 |
|
|
|a 978-85-301-0118-3
|
| 035 |
|
|
|a 36046
|
| 040 |
|
|
|a vLex
|
| 090 |
|
|
|c 13140
|d 13140
|
| 100 |
1 |
|
|a Messias Saliba, Tuffi
|
| 245 |
1 |
0 |
|a Manual prt̀ico de avaliaȯ̂ e controle de poeira e outros particulados
|h [Recurso electrn̤ico] :
|b PPRA /
|c Tuffi Messias Saliba
|
| 250 |
|
|
|a Dčima Edicin̤
|
| 256 |
|
|
|a Servicio en ln̕ea
|
| 260 |
|
|
|a San Pablo:
|b LTR,
|c 2019
|
| 300 |
|
|
|a 1 recurso electrn̤ico
|
| 500 |
|
|
|a É com satisfaȯ̂ que apresentamos aos leitores a 10® ediȯ̂ do Manual Prt̀ico de Avaliaȯ̂ e Controle de Poeira e Outros Particulados – PPRA. A cada ediȯ̂, minha responsabilidade aumenta quanto ao aperfeiȯamento e ̉melhoria dos textos, adequaȯ̂ s̉ novas atualizaė̳s, entre outras. Todos os capt̕ulos foram revisados e atualizados, como por exemplo, na parte V, que trata das atmosferas explosivas. Na oportunidade, agradeȯ aos leitores pela excelente aceitaȯ̂ da obra e pelas sugeste̳s de melhoria.
|
| 506 |
1 |
|
|a Disponible solo en los productos indicados
|d vLex Global
|d vLex Global (Academic Edition, excluding Law Schools)
|d vLex Global (U.S. Academic Edition, Law Schools)
|d vLex Global (U.S. Academic Edition, excluding Law Schools)
|d vLex Global (Academic Edition, Law Schools)
|
| 650 |
0 |
4 |
|a Derecho Laboral y Seguridad Social
|z Brasil
|
| 740 |
0 |
|
|a vLex Libros (Servicio en ln̕ea)
|
| 856 |
4 |
0 |
|u https://app.vlex.com/#/sources/36046
|z Acceso restringido
|
| 942 |
|
|
|c BOOK
|
| 999 |
0 |
|
|a Labor law and social security
|